| 000 | 01762cam a22004337a 4500 | ||
|---|---|---|---|
| 003 | CHAP | ||
| 005 | 20220329141950.0 | ||
| 008 | 981014d1998 mx r 00110 spa d | ||
| 010 | _a76375 | ||
| 011 | _a77347 | ||
| 035 | _a86952 | ||
| 040 | _cCHAP | ||
| 090 | _aFolleto 15314 | ||
| 245 | 0 | 0 |
_aSituación actual y perspectiva de la producción de frijol en México _c/coord. por Juan Manuel Galarza Mercado |
| 260 |
_aMéxico, D.F. : _bSecretaría de Agricultura, Ganadería y Desarrollo Rural, _c2001- |
||
| 300 |
_av. : _bcuadros ; gráfs. ; anexo |
||
| 500 | _aLa biblioteca tiene: 1990-98, 1990-2000 | ||
| 590 |
_aBATCH-UPD _b10 _c20130110 _lUCH01 _h0322 |
||
| 590 |
_aBATCH-UPD _b10 _c20130110 _lUCH01 _h2100 |
||
| 590 |
_aBATCH-UPD _b10 _c20130409 _lUCH01 _h2355 |
||
| 590 |
_aBATCH-UPD _b10 _c20130410 _lUCH01 _h1539 |
||
| 590 |
_aBATCH-UPD _b10 _c20130914 _lUCH01 _h1442 |
||
| 590 |
_aCONVERSION _b10 _c20130109 _lUCH01 _h1342 |
||
| 650 | 1 | 4 |
_aFrijol _xEstadísticas. _943374 |
| 650 | 1 | 4 |
_aFrijol _xExportación. _943376 |
| 650 | 1 | 4 |
_aFrijol _xImportación. _943395 |
| 650 | 1 | 4 |
_aFrijol _xMéxico. _943408 |
| 650 | 1 | 4 |
_aFrijol _xPrecios. _943420 |
| 650 | 1 | 4 |
_aFrijol _xRendimiento. _943429 |
| 710 | 0 |
_aMexico. Centro de Estadística Agropecuaria. _975277 |
|
| 901 | _aBK | ||
| 905 | _aAlejandra Carrasco M. | ||
| 942 | _cFOLL | ||
| 949 |
_aFolleto 15314 _bBC _cFOLL _d33724000801288 _eTS2 _f1990-98 c.3 _gDonaciØn _hF-15314 _i86952 _si |
||
| 949 |
_aFolleto 15314 _bBC _cFOLL _d33724000847323 _eTS1 _f1990-2000 _i86952 _sb |
||
| 949 |
_aFolleto 15314 _bBC _cFOLL _d33724002127272 _eTS2 _f1990-2000 c.2 _i86952 _sb |
||
| 949 |
_aFolleto 15314 _bBC _cFOLL _d86952158 _eTS1 _f1990-98 c.2 _gDonaciØn _i86952 _sb |
||
| 949 |
_aFolleto 15314 _bBC _cFOLL _d96952111 _eTS1 _f1990-98 _i86952 _sb |
||
| 999 |
_c76375 _d76375 |
||